| 000 | 01146nam a2200313 i 4500 | ||
|---|---|---|---|
| 001 | 000028591 | ||
| 003 | DO-SdBNP | ||
| 005 | 20260317133558.0 | ||
| 007 | ta | ||
| 008 | 110411s1992 dr r 000 0 spa d | ||
| 040 |
_aDO-SdBNP _bspa _cBNPHU _erda |
||
| 041 | _hspa | ||
| 082 | 4 |
_aRD864.42 _bH519t _222 |
|
| 100 | 1 |
_aHenríquez Ureña, Pedro, _d1884-1946 _eautor _4aut. _91718 |
|
| 245 | 1 | 0 |
_aTemas dominicanos / _cPedro Henríquez Ureña. |
| 264 | 4 |
_aSanto Domingo : _bComisión Organizadora Permanente de la Feria Nacional del Libro, _c1992. |
|
| 300 |
_a207 páginas ; _c22 cm. |
||
| 336 |
_atexto _btxt _2rdacontent |
||
| 337 |
_bsin mediación _an _2rdamedia |
||
| 338 |
_avolumen _bnc _2rdacarrier |
||
| 500 | _aIncluye referencias bibliográficas y notas al pie de páginas | ||
| 590 | _aInventariado, 2024/BT | ||
| 650 | 0 |
_aCultura _zRepública Dominicana _989224 |
|
| 650 | 7 |
_912378 _aEnsayos dominicanos _2LEMB |
|
| 650 | 7 |
_978438 _aRepública Dominicana _xHistoria _yColonia,1503-1795 _2LEMB |
|
| 651 | 7 |
_aRepública Dominicana _xHistoria _y1865-1916 _2LEMB _96305 |
|
| 910 | _aValidado. Control de calidad/ MAA | ||
| 942 |
_2ddc _cLBS1 |
||
| 999 |
_c28083 _d28083 |
||